Tottenham Hotspur managers during Wenger's Arsenal reign - Statistics

General Stats
  • This quiz has been taken 1,230 times
    1,145 since last reset
  • The average score is 6 of 11
Answer Stats
Hint Answer % Correct
2008-2012 Harry Redknapp
87%
2014-2019 Mauricio Pochettino
86%
2012-2013 Andre Villas-Boas
76%
2013 Tim Sherwood
73%
2004-2007 Martin Jol
64%
2007 Juande Ramos
59%
2001-2003 Glenn Hoddle
58%
1998-2001 George Graham
46%
1997-1998 Christian Gross
33%
2004 Jacques Santini
30%
1994-1997 Gerry Francis
28%
No matching quizzes found
Score Distribution
Percent of People with Each Score
Percentile by Number Answered
Your Score History
You have not taken this quiz since the last reset